Statistics for 2018 FIFA World Cup Goal Scorers

Click here to take the quiz!

General Stats

  • This quiz has been taken 14 times
  • The average score is 34 of 111

Answer Stats

GoalsCountryPos.Player% Correct
6EnglandFWHarry Kane
91%
4FranceFWKylian Mbappe
91%
4FranceFWAntoine Griezmann
82%
4PortugalFWCristiano Ronaldo
82%
2CroatiaMFLuka Modric
82%
4BelgiumFWRomelu Lukaku
73%
3UruguayFWEdinson Cavani
64%
1BelgiumMFKevin De Bruyne
64%
1ArgentinaFWLionel Messi
64%
2UruguayFWLuis Suarez
64%
2BrazilFWNeymar
64%
3RussiaFWArtem Dzyuba
55%
2South KoreaFWHeungmin Son
55%
3CroatiaFWIvan Perisic
55%
2EgyptFWMohamed Salah
55%
2FranceMFPaul Pogba
55%
1RussiaMFAleksandr Golovin
45%
1ArgentinaMFAngel Di Maria
45%
1FranceDFBenjamin Pavard
45%
3BelgiumFWEden Hazard
45%
1SwitzerlandMFGranit Xhaka
45%
1MexicoFWHirving Lozano
45%
1JapanMFKeisuke Honda
45%
3CroatiaFWMario Mandzukic
45%
1FranceDFSamuel Umtiti
45%
1SwitzerlandMFXherdan Shaqiri
45%
3ColombiaDFYerry Mina
45%
1SerbiaDFAleksandar Kolarov
36%
3SpainFWDiego Costa
36%
1BelgiumFWDries Mertens
36%
1SwedenMFEmil Forsberg
36%
1EnglandDFHarry Maguire
36%
1CroatiaMFIvan Rakitic
36%
1BelgiumDFJan Vertonghen
36%
1MexicoFWJavier Hernandez
36%
2EnglandDFJohn Stones
36%
1EnglandDFKieran Trippier
36%
1ColombiaFWRadamel Falcao
36%
1SenegalFWSadio Mane
36%
2ArgentinaFWSergio Aguero
36%
1BrazilDFThiago Silva
36%
1GermanyMFToni Kroos
36%
1DenmarkFWYussuf Yurary Poulsen
36%
2NigeriaFWAhmed Musa
27%
1SerbiaFWAleksandar Mitrovic
27%
1CroatiaFWAndrej Kramaric
27%
1MexicoFWCarlos Vela
27%
1DenmarkMFChristian Eriksen
27%
1EnglandMFDele Alli
27%
1CroatiaDFDomagoj Vida
27%
1IcelandMFGylfi Sigurdsson
27%
1PolandDFJan Bednarek
27%
1EnglandMFJesse Lingard
27%
1SwitzerlandFWJosip Drmic
27%
1ColombiaMFJuan Cuadrado
27%
1GermanyFWMarco Reus
27%
1ArgentinaDFMarcos Rojo
27%
1RussiaDFMario Fernandes
27%
1BelgiumMFNacer Chadli
27%
1SpainDFNacho
27%
1PeruFWPaolo Guerrero
27%
1PortugalDFPepe
27%
1SwitzerlandMFSteven Zuber
27%
1BelgiumDFThomas Meunier
27%
2TunisiaFWWahbi Khazri
27%
1South KoreaDFYounggwon Kim
27%
1BelgiumFWAdnan Januzaj
18%
1IcelandFWAlfred Finnbogason
18%
2SwedenDFAndreas Granqvist
18%
1CroatiaFWAnte Rebic
18%
1Costa RicaMFBryan Ruiz
18%
1PanamaDFFelipe Baloy
18%
1PolandMFGrzegorz Krychowiak
18%
1RussiaMFIury Gazinsky
18%
1UruguayDFJose Gimenez
18%
1ColombiaMFJuan Quintero
18%
1SwedenDFLudwig Augustinsson
18%
1BelgiumMFMarouane Fellaini
18%
1DenmarkFWMathias Jorgensen
18%
1SenegalFWMbaye Niang
18%
1BelgiumFWMichy Batshuayi
18%
1CroatiaMFMilan Badelj
18%
2AustrailiaMFMile Jedinak
18%
1SwedenFWOla Toivonen
18%
2BrazilMFPhilippe Coutinho
18%
1FranceDFRaphael Varane
18%
1PortugalFWRicardo Quaresma
18%
1Saudi ArabiaMFSalem Aldawsari
18%
2JapanMFTakashi Inui
18%
1NigeriaFWVictor Moses
18%
1PeruFWAndre Carrillo
9%
1SwitzerlandMFBlerim Dzemaili
9%
4RussiaMFDenis Cherychev
9%
1TunisiaDFDylan Bronn
9%
1ArgentinaDFGabriel Mercado
9%
1JapanMFGenki Haraguchi
9%
1SpainFWIago Aspas
9%
1SpainMFIsco
9%
1IranFWKarim Ansarifard
9%
1Costa RicaDFKendall Waston
9%
1MoroccoFWKhalid Boutaib
9%
1SenegalDFMoussa Wague
9%
1BrazilMFPaulinho
9%
1BrazilMFRenato Augusto
9%
1BrazilFWRoberto Firmino
9%
1Saudi ArabiaMFSalman Alfaraj
9%
1TunisiaMFSassi Ferjani
9%
1JapanMFShinji Kagawa
9%
1MoroccoFWYoussef En Nesyri
9%
1JapanFWYuya Osako
9%
1TunisiaFWBen Youssef Fakhreddine
0%

Score Distribution

Percentile by Number Answered

Percent of People with Each Score

Your Score History

You have not taken this quiz